Daňové úkony v konkurznom konaní

V roku 2003-2005 daňové orgány zintenzívnili upratovanie v daňových nedoplatkoch a čistenie prostredia od daňových neplatičov. Problematikou v súvislosti s vymáhaním daňových nedoplatkov zostáva aj problematika konkurzných a vyrovnacích konaní. Legislatívny rámec konkurzných a vyrovnacích konaní, ob...

Ausführliche Beschreibung

Gespeichert in:
Bibliographische Detailangaben
1. Verfasser: Burák, Emil
Format: Buchkapitel
Sprache:Slowakisch
Schlagworte:
Tags: Tag hinzufügen
Keine Tags, Fügen Sie das erste Tag hinzu!

MARC

LEADER 00000naa$a2200000$$$4500
001 0033220
005 20231106071506.5
041 0 |a slo 
044 |a SK 
245 1 0 |a Daňové úkony v konkurznom konaní  |c Emil Burák 
520 |a V roku 2003-2005 daňové orgány zintenzívnili upratovanie v daňových nedoplatkoch a čistenie prostredia od daňových neplatičov. Problematikou v súvislosti s vymáhaním daňových nedoplatkov zostáva aj problematika konkurzných a vyrovnacích konaní. Legislatívny rámec konkurzných a vyrovnacích konaní, obligatórny a fakultatívny prístup, vyhlásenie konkurzu na daňového dlžníka. Daňové pohľadávky - stav do a po roku 2002. Aktuálny vývoj za posledný polrok. 
610 2 0 |a vymáhanie pohľadávok 
610 2 0 |a dane 
610 2 0 |a nedoplatky 
610 2 0 |a konanie konkurzné 
610 2 0 |a dlhy 
610 2 0 |a legislatíva 
100 1 |a Burák, Emil